[Event "XI MFSz PERLA BALTYKU"]
[Site "Lazy"]
[Date "2015.06.29"]
[Round "2.1"]
[White "Miturova, Magdalena"]
[Black "Tomczak, Jacek"]
[Result "0-1"]
[WhiteElo "2149"]
[BlackElo "2579"]
[PlyCount "139"]
[EventDate "2015.??.??"]

1. e4 c6 2. d4 d5 3. Nc3 dxe4 4. Nxe4 Nd7 5. Ng5 Ngf6 6. Bd3 e6 7. Qe2 Bd6 8.
N1f3 h6 9. Ne4 Nxe4 10. Qxe4 Qc7 11. O-O b6 12. Re1 Bb7 13. Qe2 c5 14. Be4 O-O
15. Bxb7 Qxb7 16. dxc5 Bxc5 17. b3 e5 18. Nxe5 Rae8 19. Bb2 Nxe5 20. Bxe5 Bd4
21. Bxd4 Rxe2 22. Rxe2 Qd7 23. Rd1 Re8 24. Red2 Qe6 25. Be3 f5 26. g3 Qe4 27.
c4 g5 28. Rd4 Qf3 29. R4d3 Qg4 30. Kg2 Qe4+ 31. f3 Qb7 32. Bf2 g4 33. Rd5 gxf3+
34. Kxf3 Qe7 35. Re1 Qf7 36. Rxe8+ Qxe8 37. Rxf5 Qc6+ 38. Rd5 Qf6+ 39. Kg2 Qe6
40. Kf3 Qh3 41. c5 Qe6 42. Rd6 Qf5+ 43. Kg2 bxc5 44. Rxh6 Qe4+ 45. Kg1 Qb1+ 46.
Kg2 Qe4+ 47. Kg1 Qb1+ 48. Kg2 Qxa2 49. Rc6 Qxb3 50. Rxc5 Qb8 51. Kg1 Qb1+ 52.
Kg2 Qe4+ 53. Kg1 a6 54. h4 Qb1+ 55. Kg2 Qa2 56. Rg5+ Kh7 57. g4 a5 58. Rh5+ Kg7
59. Rg5+ Kf6 60. Rf5+ Ke6 61. h5 a4 62. h6 Qc4 63. Rf3 Qxg4+ 64. Rg3 Qe4+ 65.
Kg1 Qb1+ 66. Kg2 Qb7+ 67. Kh2 Qb2 68. Kg2 a3 69. Re3+ Kf7 70. Rf3+ 0-1

[Event "XI MFSz PERLA BALTYKU"]
[Site "Lazy"]
[Date "2015.06.29"]
[Round "2.2"]
[White "Mozharov, Mikhail"]
[Black "Nowak, Kamil"]
[Result "1-0"]
[WhiteElo "2564"]
[BlackElo "2123"]
[PlyCount "61"]
[EventDate "2015.??.??"]

1. d4 d5 2. c4 c6 3. Nf3 Nf6 4. Nc3 e6 5. e3 Bd6 6. Qc2 O-O 7. Bd3 Nbd7 8. O-O
dxc4 9. Bxc4 b5 10. Bd3 Bb7 11. a3 Rc8 12. Rd1 Qe7 13. e4 e5 14. h3 Rfd8 15.
Be3 a6 16. a4 g6 17. dxe5 Nxe5 18. Nxe5 Bxe5 19. Bf1 Bxc3 20. Qxc3 Nxe4 21. Qa5
Rxd1 22. Rxd1 Re8 23. Qb6 bxa4 24. Bxa6 Bxa6 25. Qxa6 Qe6 26. Qxa4 c5 27. Re1
Rb8 28. Bf4 Rb4 29. Qa8+ Kg7 30. f3 g5 31. Bc1 1-0

[Event "XI MFSz PERLA BALTYKU"]
[Site "Lazy"]
[Date "2015.06.29"]
[Round "2.3"]
[White "Pilzak, Marcin"]
[Black "Stupak, Kirill"]
[Result "0-1"]
[WhiteElo "2145"]
[BlackElo "2552"]
[PlyCount "120"]
[EventDate "2015.??.??"]

1. e4 e6 2. d4 d5 3. Nd2 Nc6 4. c3 e5 5. dxe5 Nxe5 6. Ngf3 Nxf3+ 7. Qxf3 Nf6 8.
Bd3 Bg4 9. Qe3 Be6 10. h3 Be7 11. e5 Nd7 12. Qg3 Nc5 13. Bc2 Qd7 14. Nb3 Bf5
15. Bxf5 Qxf5 16. Nxc5 Bxc5 17. Be3 Qe4 18. Qxg7 O-O-O 19. Qg4+ Qxg4 20. hxg4
Bxe3 21. fxe3 Rde8 22. Rh5 Reg8 23. Kf2 Rxg4 24. Rah1 Rhg8 25. R1h2 R8g7 26.
Rxh7 Rxg2+ 27. Kf3 R7g3+ 28. Kf4 Rxh2 29. Rxh2 Rg1 30. e4 dxe4 31. Kxe4 Kd7 32.
Rf2 Ke6 33. Rf6+ Ke7 34. Rf2 Rg4+ 35. Kf5 Rh4 36. Kg5 Ra4 37. b3 Ra5 38. Kf5
Rd5 39. Ke4 Rd1 40. c4 Re1+ 41. Kd4 Rh1 42. Ke4 Rh4+ 43. Kf5 a5 44. Rd2 Rh5+
45. Kf4 Ke6 46. Rd8 Rf5+ 47. Ke4 Rxe5+ 48. Kd4 c5+ 49. Kd3 Kf6 50. a3 b6 51. b4
axb4 52. axb4 cxb4 53. Rb8 Re6 54. Kc2 Ke5 55. Kb3 f5 56. Kxb4 f4 57. c5 bxc5+
58. Kxc5 f3 59. Rf8 Rf6 60. Re8+ Kf4 0-1

[Event "XI MFSz PERLA BALTYKU"]
[Site "Lazy"]
[Date "2015.06.29"]
[Round "2.4"]
[White "Shishkin, Vadim"]
[Black "Zebracki, Tomasz"]
[Result "1-0"]
[WhiteElo "2507"]
[BlackElo "2114"]
[PlyCount "41"]
[EventDate "2015.??.??"]

1. d4 e6 2. c4 Nf6 3. Nc3 Bb4 4. Qc2 b6 5. e4 Bb7 6. Bd3 d5 7. cxd5 exd5 8. e5
Ne4 9. Nge2 c5 10. O-O cxd4 11. Nxd4 Bxc3 12. bxc3 Nc5 13. Re1 Nxd3 14. Qxd3
O-O 15. Qg3 Re8 16. Bg5 Qc7 17. Bf6 g6 18. Qg5 Qc5 19. Nf5 Nc6 20. Nd6 Nd8 21.
Bxd8 1-0

[Event "XI MFSz PERLA BALTYKU"]
[Site "Lazy"]
[Date "2015.06.29"]
[Round "2.5"]
[White "Nowak, Lukasz"]
[Black "Stremavicius, Titas"]
[Result "0-1"]
[WhiteElo "2116"]
[BlackElo "2442"]
[PlyCount "84"]
[EventDate "2015.??.??"]

1. e4 c5 2. Nf3 Nc6 3. d4 cxd4 4. Nxd4 Nf6 5. Nc3 d6 6. Bg5 Bd7 7. Qd2 Rc8 8.
f4 Qb6 9. Nb3 a5 10. a4 Nb4 11. Bxf6 gxf6 12. Bb5 Bxb5 13. axb5 f5 14. Rxa5 Bg7
15. Ra4 Bxc3 16. bxc3 Nxc2+ 17. Qxc2 Qe3+ 18. Qe2 Qxc3+ 19. Nd2 fxe4 20. O-O d5
21. Ra2 h5 22. f5 Rh6 23. Rd1 Qe5 24. Nf1 Rd8 25. Rad2 d4 26. Ne3 d3 27. Nf1
Qxf5 28. Qe3 Re6 29. Ng3 Qe5 30. Rf2 h4 31. Nf5 Rf6 32. Nxh4 Rxf2 33. Kxf2 Qh5
34. Nf3 exf3 35. Qxf3 Qxb5 36. Qg4 Qc5+ 37. Kg3 Rd6 38. Qa4+ Kd8 39. h4 Qe5+
40. Kh3 d2 41. Qa8+ Kc7 42. Qa2 Rd3+ 0-1

[Event "XI MFSz PERLA BALTYKU"]
[Site "Lazy"]
[Date "2015.06.29"]
[Round "2.7"]
[White "Rudolf, Michal"]
[Black "Chomczyk, Marek"]
[Result "1-0"]
[WhiteElo "2322"]
[BlackElo "2090"]
[PlyCount "75"]
[EventDate "2015.??.??"]

1. d4 Nf6 2. c4 e6 3. Nc3 Bb4 4. Nf3 d5 5. Bg5 h6 6. Bxf6 Qxf6 7. Qa4+ Nc6 8.
e3 O-O 9. Be2 dxc4 10. O-O a6 11. Bxc4 Bxc3 12. bxc3 Bd7 13. Bd3 Rfd8 14. Qb3
b6 15. Qc2 Bc8 16. Be4 Bb7 17. Ne5 Na5 18. f4 g6 19. Rab1 Rac8 20. Qd3 Bxe4 21.
Qxe4 h5 22. a4 Rd6 23. Qd3 Ra8 24. e4 c5 25. Nc4 Nxc4 26. e5 Nxe5 27. fxe5 Qxe5
28. Qf3 Qd5 29. Qxf7+ Kh8 30. Qf6+ Kh7 31. Qe7+ Kh6 32. Rf7 Rh8 33. Qf6 Rdd8
34. Qg7+ Kg5 35. h4+ Kxh4 36. Qxg6 Qg5 37. Qe4+ Kg3 38. Rf3# 1-0

[Event "XI MFSz PERLA BALTYKU"]
[Site "Lazy"]
[Date "2015.06.29"]
[Round "2.8"]
[White "Nowicki, Bartosz"]
[Black "Mielczarski, Miroslaw"]
[Result "1-0"]
[WhiteElo "2018"]
[BlackElo "2191"]
[PlyCount "85"]
[EventDate "2015.??.??"]

1. f4 d5 2. Nf3 c5 3. e3 Nf6 4. b3 e6 5. Bb2 Be7 6. Bb5+ Nbd7 7. O-O O-O 8. Ne5
a6 9. Bd3 Ne4 10. Nc3 f5 11. Ne2 Nxe5 12. fxe5 Qd7 13. Nf4 b5 14. Bxe4 dxe4 15.
Rf2 Bg5 16. Nh5 g6 17. Nf6+ Bxf6 18. exf6 Qd6 19. g4 e5 20. g5 f4 21. Qf1 f3
22. a4 Bd7 23. d3 Qe6 24. Kh1 Bc6 25. dxe4 Qg4 26. axb5 Bxb5 27. Qd1 Bc6 28.
Qd6 Qxe4 29. Qe6+ Rf7 30. Qxe5 Qxe5 31. Bxe5 Rd7 32. h4 Kf7 33. Kh2 Rd5 34. Bc3
h6 35. e4 Rd7 36. Re1 Re8 37. e5 Ke6 38. gxh6 c4 39. bxc4 Rh8 40. Rd2 Rhd8 41.
Rxd7 Rxd7 42. Kg3 Rh7 43. Rd1 1-0

[Event "XI MFSz PERLA BALTYKU"]
[Site "Lazy"]
[Date "2015.06.29"]
[Round "2.9"]
[White "Szustakowski, Antoni"]
[Black "Krainski, Aleksander"]
[Result "1/2-1/2"]
[WhiteElo "1983"]
[BlackElo "2165"]
[PlyCount "75"]
[EventDate "2015.??.??"]

1. Nf3 d5 2. d4 Nf6 3. c4 c6 4. Nc3 e6 5. Bg5 Nbd7 6. e3 Be7 7. Bd3 h6 8. Bh4
O-O 9. Rc1 b6 10. O-O Bb7 11. cxd5 cxd5 12. Qb3 a6 13. a4 Rc8 14. Rc2 Nb8 15.
Ne5 Nc6 16. Nxc6 Rxc6 17. Rfc1 Qd7 18. Na2 Rfc8 19. Rxc6 Rxc6 20. Rxc6 Qxc6 21.
f3 g5 22. Be1 Nd7 23. Nb4 Qc8 24. Qd1 Bd6 25. Qe2 a5 26. Na2 Qb8 27. g3 e5 28.
Bb5 Nf6 29. b4 axb4 30. Nxb4 e4 31. f4 Kg7 32. Ba6 Bxa6 33. Qxa6 Qc7 34. Qe2
Qc1 35. Na2 Qa1 36. Kf2 Kg6 37. h3 Qb1 38. Nc3 1/2-1/2

[Event "XI MFSz PERLA BALTYKU"]
[Site "Lazy"]
[Date "2015.06.29"]
[Round "2.10"]
[White "Niekras, Dawid"]
[Black "Kubicka, Anna"]
[Result "1-0"]
[WhiteElo "2276"]
[BlackElo "2014"]
[PlyCount "69"]
[EventDate "2015.??.??"]

1. e4 d6 2. d4 Nf6 3. Nc3 Nbd7 4. Nge2 e5 5. h3 c6 6. Be3 Be7 7. g4 exd4 8.
Nxd4 Ne5 9. g5 Nfg4 10. hxg4 Nxg4 11. Bh3 Nxe3 12. fxe3 Bxh3 13. Rxh3 g6 14.
Nf3 Bxg5 15. Nxg5 Qxg5 16. Qd4 O-O-O 17. O-O-O Kb8 18. Rf3 Rhf8 19. Rdf1 h5 20.
Qf6 Qc5 21. Kb1 b5 22. Ne2 Rde8 23. Nd4 Rxe4 24. Qg7 Rfe8 25. Qxf7 R4e7 26.
Qxg6 Kc7 27. Rf7 Kb6 28. Rxe7 Rxe7 29. Nb3 Qc4 30. Rd1 d5 31. Qxh5 Rxe3 32. Qh8
Re7 33. Qd8+ Rc7 34. a3 Qf4 35. Qb8+ 1-0

[Event "XI MFSz PERLA BALTYKU"]
[Site "Lazy"]
[Date "2015.06.29"]
[Round "2.11"]
[White "Januszkiewicz, Wojciech"]
[Black "Eggink, Ryszard"]
[Result "1/2-1/2"]
[WhiteElo "2025"]
[BlackElo "2316"]
[PlyCount "24"]
[EventDate "2015.??.??"]

1. d4 Nf6 2. c4 g6 3. Nc3 Bg7 4. e4 d6 5. f3 O-O 6. Be3 e5 7. Nge2 Nc6 8. Qd2
exd4 9. Nxd4 Ne5 10. Be2 a5 11. b3 Nh5 12. g4 Nf6 1/2-1/2

[Event "XI MFSz PERLA BALTYKU"]
[Site "Lazy"]
[Date "2015.06.29"]
[Round "2.12"]
[White "Smieszek, Wojciech"]
[Black "Lewicki, Miroslaw"]
[Result "0-1"]
[WhiteElo "2035"]
[BlackElo "2224"]
[PlyCount "62"]
[EventDate "2015.??.??"]

1. e4 c5 2. Nf3 d6 3. d4 cxd4 4. Nxd4 Nf6 5. Nc3 a6 6. Be3 Ng4 7. Bg5 h6 8. Bh4
g5 9. Bg3 Bg7 10. h3 Nf6 11. Qd2 Qb6 12. O-O-O Nc6 13. Nxc6 Nxe4 14. Qe2 Bxc3
15. bxc3 Qxc6 16. Re1 d5 17. f3 Qxc3 18. fxe4 Qxg3 19. exd5 Qa3+ 20. Kb1 Bf5
21. Qe5 O-O 22. h4 Rac8 23. Re4 Rxc2 24. Kxc2 Rc8+ 25. Kd2 Qc1+ 26. Ke2 Qc2+
27. Kf3 Bxe4+ 28. Kg3 Qc3+ 29. Qxc3 Rxc3+ 30. Kg4 Rc1 31. hxg5 hxg5 0-1

[Event "XI MFSz PERLA BALTYKU"]
[Site "Lazy"]
[Date "2015.06.29"]
[Round "2.13"]
[White "Lewtak, Dominik"]
[Black "Sciborowski, Miroslaw"]
[Result "1-0"]
[WhiteElo "2153"]
[BlackElo "2029"]
[PlyCount "47"]
[EventDate "2015.??.??"]

1. e4 d5 2. exd5 Qxd5 3. Nc3 Qa5 4. d4 Nf6 5. Bc4 c6 6. Nge2 Bf5 7. O-O e6 8.
Ng3 Be7 9. Bd2 Bg6 10. Nd5 Qd8 11. Nxe7 Qxe7 12. f4 O-O 13. Qe2 Qd7 14. c3 Rd8
15. Rae1 h5 16. Qe5 b5 17. Bb3 Re8 18. Qg5 Na6 19. f5 Bxf5 20. Nxf5 exf5 21.
Rxe8+ Rxe8 22. Rxf5 Qd8 23. Qg6 Qe7 24. Rg5 1-0

[Event "XI MFSz PERLA BALTYKU"]
[Site "Lazy"]
[Date "2015.06.29"]
[Round "2.14"]
[White "Snihur, Piotr"]
[Black "Karwowski, Kacper"]
[Result "1/2-1/2"]
[WhiteElo "2124"]
[BlackElo "2003"]
[PlyCount "68"]
[EventDate "2015.??.??"]

1. d4 Nf6 2. c4 g6 3. f3 Bg7 4. e4 d6 5. Nc3 O-O 6. Nge2 c5 7. Be3 Nc6 8. d5
Ne5 9. Ng3 h5 10. Be2 e6 11. O-O exd5 12. cxd5 Bd7 13. h3 b5 14. f4 Nc4 15.
Bxc4 bxc4 16. Qe2 Re8 17. Qxc4 Rb8 18. e5 Rb4 19. Qd3 dxe5 20. fxe5 Rxe5 21.
Bxc5 Rxb2 22. Rab1 Rxb1 23. Rxb1 h4 24. Bd4 Re8 25. Nge4 Nxe4 26. Bxg7 Bf5 27.
Rb4 Nc5 28. Qd2 Kxg7 29. Qd4+ Qf6 30. Qxc5 Rc8 31. Qxa7 Rxc3 32. Qf2 Rc1+ 33.
Kh2 Qe5+ 34. Qf4 Qxd5 1/2-1/2

[Event "XI MFSz PERLA BALTYKU"]
[Site "Lazy"]
[Date "2015.06.29"]
[Round "2.15"]
[White "Fraczek, Daniel"]
[Black "Wacior, Maciej"]
[Result "1-0"]
[WhiteElo "2411"]
[BlackElo "1921"]
[PlyCount "81"]
[EventDate "2015.??.??"]

1. d4 d5 2. Nf3 Nf6 3. c4 e6 4. Nc3 c6 5. Bg5 Be7 6. e3 Nbd7 7. Qc2 a6 8. cxd5
exd5 9. Bd3 h6 10. Bh4 Nh5 11. Bxe7 Qxe7 12. O-O O-O 13. Rab1 Nhf6 14. b4 Re8
15. a4 Ne4 16. Bxe4 dxe4 17. Nd2 Nf6 18. Nc4 Bf5 19. f4 Qe6 20. Nb6 Rab8 21. a5
Bh7 22. h3 h5 23. Qf2 Bf5 24. Nca4 Nd7 25. Nc5 Qe7 26. Ncxd7 Bxd7 27. f5 g6 28.
fxg6 fxg6 29. Qg3 Kh7 30. d5 Bf5 31. Rbc1 Qxb4 32. dxc6 bxc6 33. Rxc6 Qxa5 34.
Rc7+ Kg8 35. Nd7 Rf8 36. Nxf8 Rxf8 37. Qd6 Re8 38. Rb1 Qa2 39. Rbb7 Qa1+ 40.
Kh2 a5 41. Re7 1-0

[Event "XI MFSz PERLA BALTYKU"]
[Site "Lazy"]
[Date "2015.06.29"]
[Round "2.16"]
[White "Mulet, Piotr"]
[Black "Filewicz, Przemyslaw"]
[Result "1-0"]
[WhiteElo "2220"]
[BlackElo "2052"]
[PlyCount "67"]
[EventDate "2015.??.??"]

1. e4 d6 2. d4 g6 3. Nc3 Bg7 4. Be3 Nf6 5. f3 Nc6 6. Qd2 e5 7. d5 Ne7 8. O-O-O
Nd7 9. Bh6 O-O 10. h4 f5 11. h5 f4 12. Bxg7 Kxg7 13. hxg6 Nxg6 14. g4 Rh8 15.
Bd3 Ndf8 16. Rh5 Bd7 17. Nh3 Qe7 18. Rh1 a6 19. Qh2 Kg8 20. Nf2 b5 21. Bf1 b4
22. Ncd1 a5 23. g5 a4 24. Bh3 b3 25. cxb3 axb3 26. a3 Kf7 27. Bf5 Rg8 28. Ng4
Rg7 29. Nf6 Ra5 30. Nxd7 Nxd7 31. Rxh7 Rc5+ 32. Nc3 Ndf8 33. Rxg7+ Kxg7 34.
Qh6+ 1-0

[Event "XI MFSz PERLA BALTYKU"]
[Site "Lazy"]
[Date "2015.06.29"]
[Round "2.17"]
[White "Eggink, Mateusz"]
[Black "Sliwicka, Alicja"]
[Result "1-0"]
[WhiteElo "2177"]
[BlackElo "2015"]
[PlyCount "75"]
[EventDate "2015.??.??"]

1. e4 c5 2. Nf3 e6 3. d4 cxd4 4. Nxd4 a6 5. c4 Nf6 6. Nc3 Bb4 7. Qd3 Nc6 8.
Nxc6 bxc6 9. e5 Ng4 10. Qg3 Qa5 11. f4 Nh6 12. Bd2 Nf5 13. Qf3 Qb6 14. Bd3 Nd4
15. Qg3 g6 16. Rd1 d5 17. exd6 Bxd6 18. Ne4 Be7 19. c5 Qd8 20. Qf2 O-O 21. Bc3
e5 22. fxe5 Bg4 23. Qxd4 Bxd1 24. Kxd1 Qxd4 25. Bxd4 Rad8 26. Nd6 a5 27. Bc4
Kg7 28. Rf1 f6 29. Kc2 fxe5 30. Bxe5+ Bf6 31. Rxf6 Rxf6 32. Ne4 Re8 33. Bxf6+
Kh6 34. Kd3 a4 35. h4 Ra8 36. g4 Ra5 37. Nd6 g5 38. h5 1-0

[Event "XI MFSz PERLA BALTYKU"]
[Site "Lazy"]
[Date "2015.06.29"]
[Round "2.18"]
[White "Kicinski, Jacek"]
[Black "Chylewski, Patryk"]
[Result "1/2-1/2"]
[WhiteElo "2006"]
[BlackElo "2131"]
[PlyCount "145"]
[EventDate "2015.??.??"]

1. e4 c5 2. c3 d5 3. exd5 Qxd5 4. Na3 Nc6 5. Nf3 Bg4 6. Be2 e5 7. d3 Nf6 8. O-O
Be7 9. Re1 O-O 10. Nc4 Rfe8 11. Nfxe5 Nxe5 12. Nxe5 Bxe2 13. Rxe2 Bf8 14. Nf3
Rxe2 15. Qxe2 Rd8 16. d4 cxd4 17. Nxd4 Bc5 18. Be3 Re8 19. Nc2 h6 20. h3 a5 21.
Qd1 Bxe3 22. Nxe3 Qg5 23. Qf3 Qb5 24. b3 a4 25. c4 Qe5 26. Rb1 a3 27. Nc2 Qe2
28. Qxe2 Rxe2 29. Nxa3 Rxa2 30. Nb5 Ne4 31. Re1 Nd2 32. Nd6 Nxb3 33. Nxb7 Rc2
34. Nd6 Nd2 35. f3 Nxc4 36. Re8+ Kh7 37. Nxf7 Rd2 38. Kh2 Kg6 39. Nh8+ Kh7 40.
Nf7 Kg6 41. Ne5+ Nxe5 42. Rxe5 Kf6 43. Ra5 Rd6 44. h4 g6 45. g4 Rb6 46. Kg3 Rc6
47. h5 gxh5 48. Rxh5 Kg6 49. Ra5 Rb6 50. f4 Rb3+ 51. Kh4 Rb1 52. f5+ Kg7 53.
Ra7+ Kf6 54. Ra6+ Kg7 55. Rg6+ Kh7 56. Ra6 Kg7 57. Ra7+ Kf6 58. Kg3 Rg1+ 59.
Kh4 Rb1 60. Rd7 Ra1 61. Kg3 Rb1 62. Rd6+ Kg7 63. Rg6+ Kh7 64. Re6 Kg7 65. Kf4
Rg1 66. Rg6+ Kh7 67. Ke5 Ra1 68. Rd6 Ra4 69. Rd7+ Kg8 70. Rd4 Ra5+ 71. Ke6 Ra6+
72. Ke5 Ra5+ 73. Rd5 1/2-1/2

[Event "XI MFSz PERLA BALTYKU"]
[Site "Lazy"]
[Date "2015.06.29"]
[Round "2.19"]
[White "Baumann, Dariusz"]
[Black "Kokoszczynski, Jan"]
[Result "1-0"]
[WhiteElo "2108"]
[BlackElo "1988"]
[PlyCount "109"]
[EventDate "2015.??.??"]

1. d4 d5 2. c4 Bf5 3. Nc3 e6 4. Nf3 Nc6 5. Bf4 Nf6 6. e3 h6 7. Qa4 Qd7 8. c5 g5
9. Bg3 g4 10. Ne5 Nxe5 11. Bxe5 Bg7 12. Bxc7 Qxa4 13. Nxa4 O-O 14. Be2 Nd7 15.
O-O Rfc8 16. Bd6 e5 17. dxe5 Nxe5 18. Nc3 Nc4 19. Nxd5 Nxd6 20. cxd6 Bf8 21.
Rad1 Kg7 22. Nc3 Rd8 23. e4 Be6 24. e5 f6 25. exf6+ Kxf6 26. Ne4+ Ke5 27. Nc5
Rxd6 28. Rxd6 Bxd6 29. Nxe6 Kxe6 30. Bxg4+ Kf6 31. Rd1 Be5 32. b3 Rg8 33. Bh3
Rg7 34. g3 b6 35. Kf1 Re7 36. f4 Bc7 37. Kf2 Kg7 38. Kf3 a5 39. Bd7 Kf6 40. g4
Kg7 41. Bb5 Rf7 42. Rd4 Be5 43. Re4 Bd6 44. h4 Rc7 45. Bc4 Bc5 46. g5 Rd7 47.
Re6 hxg5 48. hxg5 Rd2 49. a4 Rf2+ 50. Kg4 Rg2+ 51. Kf5 Rd2 52. Re8 Rd7 53. Rg8+
Kh7 54. g6+ Kh6 55. Rh8+ 1-0

[Event "XI MFSz PERLA BALTYKU"]
[Site "Lazy"]
[Date "2015.06.29"]
[Round "2.20"]
[White "Szewczak, Andrzej"]
[Black "Kowalski, Maciej"]
[Result "0-1"]
[WhiteElo "1887"]
[BlackElo "2107"]
[PlyCount "110"]
[EventDate "2015.??.??"]

1. e4 c5 2. Nc3 Nc6 3. g3 g6 4. Bg2 Bg7 5. d3 e6 6. Bd2 Nge7 7. Qc1 Nd4 8. Nce2
O-O 9. c3 Nxe2 10. Nxe2 d5 11. Bh6 dxe4 12. dxe4 Qd3 13. Bxg7 Kxg7 14. Nf4 Qa6
15. Qe3 b6 16. h4 h5 17. Bf3 e5 18. Nxh5+ gxh5 19. Qg5+ Ng6 20. Bxh5 Qc4 21. f3
Re8 22. Kf2 Ba6 23. Rhd1 Qe6 24. Bxg6 Qxg6 25. Qxg6+ Kxg6 26. Rd6+ Kg7 27. Rad1
Bc4 28. b3 Be6 29. c4 Rab8 30. a4 a6 31. f4 exf4 32. gxf4 Bc8 33. e5 Bf5 34.
Rg1+ Kf8 35. h5 b5 36. cxb5 axb5 37. a5 c4 38. Rf6 Bd3 39. Ke3 Rbd8 40. bxc4
Bxc4 41. h6 Rd3+ 42. Ke4 Rh3 43. f5 Rh4+ 44. Kf3 Rxe5 45. a6 Re8 46. Kg3 Rh5
47. Kg4 Be2+ 48. Kf4 Rh4+ 49. Kg5 Ree4 50. Rb6 Rh5+ 51. Kf6 Rxh6+ 52. Rg6 fxg6
53. a7 Re8 54. fxg6 Bc4 55. Kg5 Rxg6+ 0-1

[Event "XI MFSz PERLA BALTYKU"]
[Site "Lazy"]
[Date "2015.06.29"]
[Round "2.21"]
[White "Kowalski, Igor"]
[Black "Antolak, Julia"]
[Result "1/2-1/2"]
[WhiteElo "2106"]
[BlackElo "1987"]
[PlyCount "36"]
[EventDate "2015.??.??"]

1. d4 Nf6 2. c4 d6 3. Nc3 e5 4. Nf3 Nbd7 5. Bg5 Be7 6. e3 c6 7. Bd3 O-O 8. Qc2
h6 9. Bxf6 Bxf6 10. O-O-O a6 11. g4 exd4 12. exd4 c5 13. Bf5 cxd4 14. Ne4 Ne5
15. Nxf6+ Qxf6 16. Nxd4 Bxf5 17. Nxf5 Nxc4 18. Nxd6 Nxd6 1/2-1/2

[Event "XI MFSz PERLA BALTYKU"]
[Site "Lazy"]
[Date "2015.06.29"]
[Round "2.22"]
[White "Laszczak, Przemyslaw"]
[Black "Sliwicki, Damian"]
[Result "0-1"]
[WhiteElo "1821"]
[BlackElo "2100"]
[PlyCount "114"]
[EventDate "2015.??.??"]

1. d4 Nf6 2. c4 g6 3. Nc3 d5 4. cxd5 Nxd5 5. e4 Nxc3 6. bxc3 Bg7 7. Bc4 O-O 8.
Ne2 Nc6 9. O-O b6 10. Be3 Na5 11. Bd3 Qd7 12. Rc1 Rd8 13. c4 Nc6 14. d5 Ne5 15.
Bd4 c6 16. Bc2 Bb7 17. Ba4 b5 18. cxb5 cxb5 19. Bb3 a6 20. Qd2 Rac8 21. Rxc8
Rxc8 22. Rc1 Rxc1+ 23. Qxc1 Qg4 24. Ng3 Nd3 25. Qc3 Bxd4 26. Qxd4 Nc1 27. Qd2
Nxb3 28. axb3 Qd7 29. Qd4 Qd6 30. b4 f6 31. Ne2 Kf7 32. Nc1 Qc7 33. Qc5 Qf4 34.
Qc2 f5 35. f3 Qe3+ 36. Kf1 Qd4 37. Qc5 Qc4+ 38. Qxc4 bxc4 39. Ke2 fxe4 40. fxe4
e6 41. Ke3 exd5 42. Kd4 dxe4 43. Kxc4 Ke6 44. Kd4 Kd6 45. Nb3 e3 46. Kxe3 Bxg2
47. Nc5 a5 48. Nd3 a4 49. Kd2 Bf1 50. Nc5 Bb5 51. Kc3 Ke5 52. Kb2 h5 53. Ka3 h4
54. Nxa4 g5 55. Nc3 g4 56. Nd1 Kf4 57. Kb3 g3 0-1

[Event "XI MFSz PERLA BALTYKU"]
[Site "Lazy"]
[Date "2015.06.29"]
[Round "2.23"]
[White "Woloch, Oskar"]
[Black "Kaczmarska, Joanna"]
[Result "1-0"]
[WhiteElo "2092"]
[BlackElo "1876"]
[PlyCount "81"]
[EventDate "2015.??.??"]

1. d4 d5 2. c3 Nf6 3. Bg5 e6 4. Nd2 h6 5. Bh4 Be7 6. Ngf3 Nbd7 7. e3 b6 8. Bd3
c5 9. O-O Bb7 10. Ne5 Nxe5 11. dxe5 Nd7 12. Bxe7 Qxe7 13. f4 O-O-O 14. Qe2 c4
15. Bc2 f6 16. exf6 gxf6 17. b3 Kb8 18. Nf3 Rc8 19. b4 e5 20. Nh4 Qd6 21. Rad1
exf4 22. exf4 Rce8 23. Qf2 Rhg8 24. Nf5 Qf8 25. Nd4 f5 26. Bxf5 Nf6 27. Rde1
Ne4 28. Bxe4 dxe4 29. Re3 Qf7 30. f5 Ka8 31. Qf4 Qg7 32. Rf2 Rd8 33. f6 Qd7 34.
h3 Qc8 35. Kh2 h5 36. Rxe4 a5 37. bxa5 Rxd4 38. Rxd4 Qc6 39. Rdd2 h4 40. f7 Rg3
41. f8=Q+ 1-0

[Event "XI MFSz PERLA BALTYKU"]
[Site "Lazy"]
[Date "2015.06.29"]
[Round "2.24"]
[White "Mazalon, Mariusz"]
[Black "Przerwa, Waldemar"]
[Result "1-0"]
[WhiteElo "2058"]
[BlackElo "1763"]
[PlyCount "149"]
[EventDate "2015.??.??"]

1. d4 d5 2. c4 c6 3. Nf3 Nf6 4. Qc2 e6 5. g3 Bd6 6. Bg2 O-O 7. Nc3 Nbd7 8. O-O
dxc4 9. Nd2 e5 10. Nxc4 Bc7 11. Rd1 exd4 12. Rxd4 Qe7 13. Rh4 Re8 14. Bg5 h6
15. Re4 Qf8 16. Rxe8 Qxe8 17. Bf4 Bxf4 18. gxf4 Qe7 19. Rd1 Nb6 20. Na5 Bg4 21.
h3 Bh5 22. Rd2 Re8 23. e3 a6 24. Qb3 Qc7 25. Qb4 Bg6 26. Qd6 Rc8 27. Qxc7 Rxc7
28. Rd8+ Kh7 29. Rb8 Nbd5 30. Rxb7 Rc8 31. Na4 c5 32. Nc4 Bc2 33. Nab6 Nxb6 34.
Rxb6 Bd3 35. Ne5 c4 36. Nxf7 Nd7 37. Rd6 Nc5 38. Ne5 Bb1 39. Nxc4 Bxa2 40. Ne5
a5 41. Nd3 Nxd3 42. Be4+ Kg8 43. Rxd3 Rb8 44. Bd5+ Bxd5 45. Rxd5 Rxb2 46. Rxa5
Kf7 47. Ra6 Rc2 48. Kg2 Rb2 49. Kg3 Rb1 50. f5 Rb4 51. Re6 Ra4 52. e4 Ra3+ 53.
f3 Rb3 54. Ra6 Rc3 55. Kf4 Rc5 56. Ra7+ Kg8 57. Rd7 Kf8 58. Rd4 Kf7 59. e5 Rc7
60. Ra4 Rb7 61. Kg4 Rb5 62. Ra7+ Kf8 63. f4 Rb1 64. f6 gxf6 65. e6 Rb5 66. Rf7+
Kg8 67. Rxf6 Kg7 68. Rf7+ Kg8 69. f5 Re5 70. Kh5 Re3 71. Kxh6 Rxh3+ 72. Kg6 Rh1
73. Ra7 Rg1+ 74. Kf6 Kh8 75. Ra8+ 1-0

[Event "XI MFSz PERLA BALTYKU"]
[Site "Lazy"]
[Date "2015.06.30"]
[Round "3.1"]
[White "Tomczak, Jacek"]
[Black "Rudolf, Michal"]
[Result "1-0"]
[WhiteElo "2579"]
[BlackElo "2322"]
[PlyCount "39"]
[EventDate "2015.??.??"]

1. e4 Nf6 2. e5 Nd5 3. Nc3 Nxc3 4. dxc3 Nc6 5. Bf4 d6 6. Bb5 Bd7 7. Qe2 dxe5 8.
Bxe5 Nxe5 9. Qxe5 f6 10. Qe2 e5 11. f4 Bxb5 12. Qxb5+ Qd7 13. Qxb7 Rd8 14. Nf3
exf4 15. Qxa7 Qc6 16. Nd4 Qxg2 17. O-O-O Bd6 18. Qa4+ Kf8 19. Ne6+ Kf7 20. Qc4
1-0

[Event "XI MFSz PERLA BALTYKU"]
[Site "Lazy"]
[Date "2015.06.30"]
[Round "3.2"]
[White "Stremavicius, Titas"]
[Black "Mozharov, Mikhail"]
[Result "0-1"]
[WhiteElo "2442"]
[BlackElo "2564"]
[PlyCount "78"]
[EventDate "2015.??.??"]

1. c4 Nf6 2. Nc3 e5 3. g3 Nc6 4. Bg2 Bc5 5. a3 a6 6. e3 d6 7. Nge2 Ba7 8. d4
exd4 9. exd4 O-O 10. O-O h6 11. h3 Ne7 12. b4 c6 13. g4 d5 14. c5 Nh7 15. Bf4
Bb8 16. Qd3 f5 17. Qg3 Bxf4 18. Nxf4 g5 19. Nfe2 fxg4 20. hxg4 Ng6 21. f4 gxf4
22. Nxf4 Nxf4 23. Rxf4 Qg5 24. Rxf8+ Nxf8 25. Re1 Bxg4 26. Qe5 Qxe5 27. Rxe5
Ng6 28. Re3 Kg7 29. a4 Kf6 30. b5 axb5 31. axb5 Nf4 32. Kf2 h5 33. Bf3 Ne6 34.
bxc6 bxc6 35. Bxg4 hxg4 36. Ne2 Ra4 37. Rb3 Ra2 38. Rb4 Nf4 39. Rb6 Rxe2+ 0-1

[Event "XI MFSz PERLA BALTYKU"]
[Site "Lazy"]
[Date "2015.06.30"]
[Round "3.3"]
[White "Stupak, Kirill"]
[Black "Nowicki, Bartosz"]
[Result "1-0"]
[WhiteElo "2552"]
[BlackElo "2018"]
[PlyCount "67"]
[EventDate "2015.??.??"]

1. d4 f5 2. g3 Nf6 3. Bg2 g6 4. Nh3 Bg7 5. Nf4 d6 6. d5 c6 7. Nc3 e5 8. dxe6
Na6 9. h4 Nc5 10. h5 gxh5 11. e4 Nxe6 12. Nxh5 Nxe4 13. Nxe4 fxe4 14. Bxe4 Qe7
15. Qe2 Bd7 16. Nxg7+ Qxg7 17. Qh5+ Kd8 18. c3 Nc5 19. Bh6 Qg4 20. Qxg4 Bxg4
21. Bc2 Kd7 22. Kd2 Rae8 23. Rae1 Bf3 24. Rh4 Rxe1 25. Kxe1 d5 26. Bf5+ Ke8 27.
Bg7 Rg8 28. Rxh7 Be4 29. Bxe4 dxe4 30. Bd4 Nd3+ 31. Ke2 c5 32. Be3 Nxb2 33.
Rxb7 Na4 34. Kd2 1-0

[Event "XI MFSz PERLA BALTYKU"]
[Site "Lazy"]
[Date "2015.06.30"]
[Round "3.4"]
[White "Lewtak, Damian"]
[Black "Shishkin, Vadim"]
[Result "1/2-1/2"]
[WhiteElo "2325"]
[BlackElo "2507"]
[PlyCount "59"]
[EventDate "2015.??.??"]

1. d4 Nf6 2. c4 g6 3. Nc3 d5 4. Nf3 Bg7 5. e3 O-O 6. Be2 dxc4 7. O-O c5 8. dxc5
Qa5 9. Qd4 Nbd7 10. Qxc4 Qxc5 11. Qh4 Ne5 12. Nxe5 Qxe5 13. e4 Bd7 14. Bf4 Qa5
15. a3 Be6 16. b4 Qb6 17. Be3 Qc7 18. Rac1 Rac8 19. Rfd1 Qb8 20. Bf4 Qa8 21. e5
Nd7 22. Qxe7 Nxe5 23. Ne4 Rxc1 24. Rxc1 Nc6 25. Qh4 Qd8 26. Qxd8 Rxd8 27. Bg5
Rb8 28. Bf4 Rd8 29. Bg5 Rb8 30. Bf4 1/2-1/2